zpět

Detail výsledku týmu

Pivní restaurace, Kadaň

Datum a čas kvízu

25 Celkem bodů Celkový počet nahraných bodů na tomto kvízu bez doplňovacích otázek.
4. Pořadí na kvízu Konečné umístění týmu na tomto kvízu.

Zaznamenané odpovědi

# Otázka Odpověď Body Výsledky
1. Pouze jediný československý pr... 1
2. Sobotní protesty proti zvyšová... 1
3. Třicetiletá oscarová zpěvačka... 1
4. Detroitští fanoušci hokeje se... 1
5. Nejdříve David Limberský, poté... 1
6. Čertů se v kultuře, zeměpisnýc... 1
7. Napište název pohádky z roku 2... 1
8. To čert na koze jel, a táta re... 0
9. Na obrázku vidíme znak pražské... 0
10. "U nás ochutnat znamená ___!"... 0